KOHA-Header-6

Consumer Behavior (Record no. 8786)

000 -LEADER
fixed length control field 00234nam a2200109Ia 4500
020 ## - INTERNATIONAL STANDARD BOOK NUMBER
ISBN 978-0273704010
100 ## - MAIN ENTRY--AUTHOR NAME
Personal name Leon G. Schiffman
245 #0 - TITLE STATEMENT
Title Consumer Behavior
260 ## - PUBLICATION, DISTRIBUTION, ETC. (IMPRINT)
Place of publication New Delhi
Name of publisher Prentice
Year of publication 2004
300 ## - PHYSICAL DESCRIPTION
Number of Pages 174
942 ## - ADDED ENTRY ELEMENTS (KOHA)
Koha item type Books
Holdings
Withdrawn status Lost status Collection code Permanent Location Current Location Shelving location Date acquired Full call number Accession Number Koha item type
    Marketing MAJU MAJU   2019-09-14 891.439 3767 Marketing

Powered by Koha